000 00472nam a2200181Ia 4500
001 16280
005 20260306170258.0
008 260306t1998||||xx |||||||||||||| ||und||
041 _aESP
082 _a347.51L
_bE65
100 _aFlores Polo, Pedro [1940-...]
_eAUT
245 0 _aComentarios a la ley general de sociedades:
_bestudio analítico
260 _c1998
300 _a581 páginas :
_c24 cm.
650 _aGEN
654 _aCDE
942 _cLIB
_dJUS
_fJUS
_2ddc
_n
999 _c16280
_d16280